Red Dead Redemption II : A à Z - Statistiques

Statistiques générales
  • Ce quiz a été pris 626 fois
  • Le résultat moyen est 12 sur 22
Statistiques - réponses
Lettre Hint Réponse % Correct
A Je suis le personnage principal Arthur Morgan
99%
B Ville où tout a mal commencé pour la bande Blackwater
89%
J Je suis le meilleur ami d'Arhur John
78%
L Je suis un jeune membre de la bande, je suis mort à St Denis Lenny
73%
M J'ai trahi la bande Micah
73%
V Je suis une ville typique de l’Ouest, avec saloon, shérif et bagarres fréquentes. Valentine
72%
D Je suis le chef de la bande Dutch Van Der Linde
71%
H Je suis l’un des fondateurs de la bande et le mentor d’Arthur. Hosea
71%
S Je suis une veuve devenue chasseuse de primes et alliée fidèle d’Arthur. Sadie
66%
G Je suis une île tropicale où Arthur se retrouve prisonnier loin de l’Ouest sauvage. Guarma
65%
T Je suis un moyen de transport et aussi une cible fréquente des braquages de la bande. Train
65%
R Je suis une ville du sud, marquée par les tensions entre les familles Gray et Braithwaite. Rhodes
64%
P Je suis l’agence de détectives qui poursuit Arthur et la bande de Dutch. Pinkerton
62%
C Je suis un amérindien dans le clan de Dutch Charles Smith
56%
K Je suis une voleuse au sein de la bande Karen
51%
Q Je suis une mission, principale ou secondaire, que tu accomplis pour progresser dans le jeu. Quête
40%
O Gang ennemi du clan de Dutch O’Driscolls
39%
N Je suis une grande région qui abrite Valentine New Hanover
31%
I Je représente les peuples autochtones souvent en conflit ou en alliance avec les colons. Indiens
30%
W Je suis une région boisée et montagneuse à l’ouest West Elizabeth
27%
E Je suis une grande ferme ou ranch où l’on élève du bétail dans l’Ouest sauvage. Estancia
0%
F Je suis un gang rival de la bande Fernandez
0%
Aucun quiz correspondant
Distribution des résultats
% des personnes avec chaque résultat
Percentile par nombre de réponses
Votre historique - résultats
Vous n’avez pas pris ce quiz